| 000 -LEADER |
| fixed length control field |
00721pam a2200229 i 4500 |
| 001 - CONTROL NUMBER |
| control field |
20782 |
| 003 - CONTROL NUMBER IDENTIFIER |
| control field |
BD-DhUAP |
| 005 - DATE AND TIME OF LATEST TRANSACTION |
| control field |
20200229163520.0 |
| 008 - FIXED-LENGTH DATA ELEMENTS--GENERAL INFORMATION |
| fixed length control field |
200229s2015 enka b 001 0 eng |
| 020 ## - INTERNATIONAL STANDARD BOOK NUMBER |
| International Standard Book Number |
9780714868943 (hardback) |
| 040 ## - CATALOGING SOURCE |
| Original cataloging agency |
DLC |
| Language of cataloging |
eng |
| Description conventions |
rda |
| Transcribing agency |
DLC |
| Modifying agency |
BD-DhUAP |
| 082 00 - DEWEY DECIMAL CLASSIFICATION NUMBER |
| Edition number |
23 |
| Classification number |
720.92 CUR |
| 100 1# - MAIN ENTRY--PERSONAL NAME |
| Personal name |
Curtis, William J. R. |
| 245 10 - TITLE STATEMENT |
| Title |
Le Corbusier : |
| Remainder of title |
ideas and forms / |
| Statement of responsibility, etc. |
William J.R. Curtis. |
| 250 ## - EDITION STATEMENT |
| Edition statement |
2nd ed. |
| 264 #1 - PRODUCTION, PUBLICATION, DISTRIBUTION, MANUFACTURE, AND COPYRIGHT NOTICE |
| Place of production, publication, distribution, manufacture |
London : |
| Name of producer, publisher, distributor, manufacturer |
Phaidon, |
| Date of production, publication, distribution, manufacture, or copyright notice |
c2015. |
| 300 ## - PHYSICAL DESCRIPTION |
| Extent |
511 pages : |
| Other physical details |
illustrations ; |
| Dimensions |
32 cm. |
| 504 ## - BIBLIOGRAPHY, ETC. NOTE |
| Bibliography, etc. note |
Includes bibliographical references and index. |
| 600 00 - SUBJECT ADDED ENTRY--PERSONAL NAME |
| Personal name |
Le Corbusier, |
| Dates associated with a name |
1887-1965 |
| General subdivision |
Criticism and interpretation. |
| 650 ## - SUBJECT ADDED ENTRY--TOPICAL TERM |
| Topical term or geographic name entry element |
Architects |
| Geographic subdivision |
Switzerland. |
| 942 ## - ADDED ENTRY ELEMENTS (KOHA) |
| Source of classification or shelving scheme |
|
| Koha item type |
Book |